[Event "PSV Duisburg 1 - LSV Turm Lippstadt 1"]
[Site "NRW-Klasse, Gruppe 1 2015/201"]
[Date "2016.05.08"]
[Round "9.3"]
[White "Meier, Jan"]
[Black "Heisel, Guido"]
[Result "1-0"]
[WhiteElo "2081"]
[BlackElo "2088"]
[PlyCount "61"]
[EventDate "2016.??.??"]
[WhiteTeam "LSV Turm Lippstadt 1"]
[BlackTeam "PSV Duisburg 1"]

1. d4 c5 2. d5 f5 3. c4 g6 4. Nc3 Bg7 5. g3 Nf6 6. Bg2 O-O 7. Nf3 d6 8. O-O Nh5
9. Qd3 Na6 10. a3 Nc7 11. e4 f4 12. Ne2 fxg3 13. fxg3 Qe8 14. Nc3 Rb8 15. a4 a6
16. a5 b5 17. axb6 Rxb6 18. e5 dxe5 19. Qe3 Bf5 20. Nxe5 Qc8 21. Qxc5 Rb3 22.
Nc6 Bf6 23. g4 Rf7 24. gxf5 gxf5 25. Nd4 Rb8 26. Nxf5 Kh8 27. d6 exd6 28. Nxd6
Qg4 29. Nxf7+ Kg7 30. Qxc7 Rc8 31. Ne5+ 1-0

[Event "PSV Duisburg 1 - LSV Turm Lippstadt 1"]
[Site "NRW-Klasse, Gruppe 1 2015/201"]
[Date "2016.05.08"]
[Round "9.4"]
[White "Sponheim, Marko"]
[Black "Grobbel, Rainer"]
[Result "1/2-1/2"]
[WhiteElo "1989"]
[BlackElo "2112"]
[PlyCount "65"]
[EventDate "2016.??.??"]
[WhiteTeam "PSV Duisburg 1"]
[BlackTeam "LSV Turm Lippstadt 1"]

1. e4 c5 2. Nf3 Nc6 3. d4 cxd4 4. Nxd4 g6 5. c4 Bg7 6. Be3 d6 7. Nc3 Nf6 8. Be2
O-O 9. Nc2 Be6 10. O-O Nd7 11. Qd2 Nde5 12. b3 Qa5 13. Nd5 Qxd2 14. Bxd2 Rac8
15. Rac1 f5 16. f3 fxe4 17. fxe4 Rxf1+ 18. Rxf1 Rf8 19. Rxf8+ Kxf8 20. h3 Bd7
21. Kf2 e6 22. Nf4 Ke7 23. Be3 b6 24. b4 Bc8 25. c5 bxc5 26. bxc5 Bb7 27. Na3
a6 28. cxd6+ Kxd6 29. Nc4+ Nxc4 30. Bxc4 Nd4 31. Bxd4 Bxd4+ 32. Kf3 Ke5 33.
Nd3+ 1/2-1/2

[Event "PSV Duisburg 1 - LSV Turm Lippstadt 1"]
[Site "NRW-Klasse, Gruppe 1 2015/201"]
[Date "2016.05.08"]
[Round "9.5"]
[White "Chapman, Alan John"]
[Black "Kretschmann, Thomas"]
[Result "0-1"]
[WhiteElo "2007"]
[BlackElo "2104"]
[PlyCount "54"]
[EventDate "2016.??.??"]
[WhiteTeam "LSV Turm Lippstadt 1"]
[BlackTeam "PSV Duisburg 1"]

1. e4 e5 2. Nf3 Nc6 3. Bb5 a6 4. Ba4 Nf6 5. Qe2 d6 6. c3 Be7 7. d4 b5 8. Bb3
Bg4 9. a4 exd4 10. axb5 axb5 11. Rxa8 Qxa8 12. Qxb5 Bd7 13. Qc4 O-O 14. cxd4
Na5 15. Qc2 Nxb3 16. Qxb3 Qxe4+ 17. Qe3 Qxb1 18. O-O Re8 19. Qb3 Qf5 20. Re1
Bf8 21. Rxe8 Bxe8 22. Qc4 c5 23. h3 Bc6 24. dxc5 Bxf3 25. gxf3 dxc5 26. Qe2 Nd7
27. Qb5 Qxh3 0-1

[Event "PSV Duisburg 1 - LSV Turm Lippstadt 1"]
[Site "NRW-Klasse, Gruppe 1 2015/201"]
[Date "2016.05.08"]
[Round "9.6"]
[White "Sirringhaus, Wilfried"]
[Black "Roemhild, Marcus"]
[Result "1/2-1/2"]
[WhiteElo "2104"]
[BlackElo "2006"]
[Annotator "Hausrath,Daniel"]
[PlyCount "150"]
[EventDate "2016.??.??"]
[WhiteTeam "PSV Duisburg 1"]
[BlackTeam "LSV Turm Lippstadt 1"]

1. e4 c5 2. Nf3 g6 3. c3 Bg7 4. d4 cxd4 5. cxd4 d5 6. exd5 Nf6 7. Nc3 O-O 8. h3
Nxd5 9. Qb3 Nxc3 10. bxc3 Nc6 11. Be2 Na5 12. Qb4 b6 13. Bf4 Bb7 14. O-O Rc8
15. Rac1 e6 16. Rfe1 Re8 17. Bb5 Bc6 18. Ba6 Bf8 19. Qb1 Bb7 20. Qd3 Qd5 21.
Re5 Bxa6 22. Qxa6 Qd7 23. Rb5 Nc4 24. Ne5 Nxe5 25. Bxe5 Bg7 $11 26. Bxg7 Kxg7
27. a4 Rc4 28. Rxb6 Qxa4 29. Qxa4 Rxa4 30. Rb7 Rc8 31. Rd7 Rac4 32. Ra1 Rxc3
33. Raxa7 Rc1+ 34. Kh2 Rf8 35. Kg3 Rc2 36. Rd6 Kf6 37. Rdd7 g5 38. d5 Rc3+ 39.
f3 h5 40. h4 g4 41. d6 gxf3 42. gxf3 Rd3 43. Ra5 Rg8+ 44. Kf2 Rd5 45. Rxd5 exd5
46. Ke3 Rf8 47. Kd4 Ke6 48. Re7+ Kxd6 49. Re5 f5 50. Rxd5+ Ke6 51. Ra5 Rb8 52.
Ra6+ Kf7 53. Ke5 Rb4 54. Kxf5 Rxh4 55. Ra7+ Kf8 56. Kg5 Rh3 57. f4 Rf3 58. f5
Rb3 59. Kg6 Rg3+ 60. Kf6 Kg8 61. Ra8+ Kh7 62. Kf7 Rf3 63. f6 Rf4 64. Ra5 Kh6
65. Ra6 Rb4 66. Re6 h4 67. Kf8 Rb8+ 68. Re8 Rb7 69. f7 Kg6 70. Re6+ Kh7 71. Ke8
Rb8+ 72. Ke7 Kg7 73. Rb6 Ra8 74. Rb4 Ra7+ 75. Ke8 Ra8+ 1/2-1/2

[Event "PSV Duisburg 1 - LSV Turm Lippstadt 1"]
[Site "NRW-Klasse, Gruppe 1 2015/201"]
[Date "2016.05.08"]
[Round "9.7"]
[White "Tran, Duc Cuong"]
[Black "Brueggemann, Josef"]
[Result "1-0"]
[WhiteElo "2086"]
[BlackElo "1945"]
[PlyCount "53"]
[EventDate "2016.??.??"]
[WhiteTeam "LSV Turm Lippstadt 1"]
[BlackTeam "PSV Duisburg 1"]

1. d4 d5 2. Nf3 Nf6 3. e3 Bg4 4. c4 dxc4 5. Bxc4 e6 6. Nc3 Nbd7 7. O-O Be7 8.
a3 O-O 9. Be2 c5 10. h3 Bh5 11. d5 exd5 12. Nxd5 Nb6 13. Nxe7+ Qxe7 14. b3 Rfd8
15. Qc2 Rac8 16. Bb2 Nbd5 17. Rad1 a6 18. Ne5 Bxe2 19. Qxe2 Nb6 20. e4 Rxd1 21.
Rxd1 Rd8 22. Rd3 Rxd3 23. Qxd3 Nfd7 24. Nxd7 Qxd7 25. Qg3 g6 26. Qe5 Kf8 27.
Qxc5+ 1-0

[Event "PSV Duisburg 1 - LSV Turm Lippstadt 1"]
[Site "NRW-Klasse, Gruppe 1 2015/201"]
[Date "2016.05.08"]
[Round "9.8"]
[White "Wittsiepe, Richard"]
[Black "Laurenz, Waldemar"]
[Result "1-0"]
[WhiteElo "1836"]
[BlackElo "1926"]
[PlyCount "87"]
[EventDate "2016.??.??"]
[WhiteTeam "PSV Duisburg 1"]
[BlackTeam "LSV Turm Lippstadt 1"]

1. d4 Nf6 2. c4 b6 3. Nc3 Bb7 4. Nf3 e6 5. Bg5 Be7 6. Bxf6 Bxf6 7. e4 d6 8. Bd3
Nd7 9. O-O O-O 10. Qc2 g6 11. Rad1 Bg7 12. Rfe1 e5 13. d5 Nf6 14. b4 Nh5 15. c5
Bh6 16. c6 Bc8 17. Bc4 Bg4 18. Be2 Nf4 19. h3 Nxe2+ 20. Qxe2 Bc8 21. Qc4 Qe7
22. a4 a6 23. Re2 Kh8 24. Qd3 f5 25. Nh2 f4 26. f3 Bg5 27. Rb2 Bh4 28. a5 b5
29. Nxb5 axb5 30. Qxb5 h5 31. Ra1 Ba6 32. Qa4 Rfb8 33. b5 Bc8 34. Qb4 Kg7 35.
Rab1 Ba6 36. Qc3 Bc8 37. b6 Ba6 38. Nf1 Bxf1 39. Kxf1 Qf7 40. bxc7 Rxb2 41.
Rxb2 Rc8 42. Rb7 Rxc7 43. a6 Bf6 44. Qa5 1-0

[Event "SF Katernberg 2 - Bahn-SC Wuppertal 1"]
[Site "NRW-Klasse, Gruppe 1 2015/201"]
[Date "2016.05.08"]
[Round "9.1"]
[White "Savchenko, Vyacheslav"]
[Black "Rosen, Bernd"]
[Result "1/2-1/2"]
[WhiteElo "2341"]
[BlackElo "2215"]
[PlyCount "33"]
[EventDate "2016.??.??"]
[WhiteTeam "Bahn-SC Wuppertal 1"]
[BlackTeam "SF Katernberg 2"]

1. e4 e6 2. d4 d5 3. Nc3 Nf6 4. Bg5 dxe4 5. Nxe4 Be7 6. Bxf6 Bxf6 7. Nxf6+ Qxf6
8. Nf3 O-O 9. c3 Rd8 10. Qc2 Nc6 11. Qe4 Qg6 12. Qe3 e5 13. dxe5 Bg4 14. Be2
Bxf3 15. Bxf3 Nxe5 16. O-O Nxf3+ 17. Qxf3 1/2-1/2

[Event "SF Katernberg 2 - Bahn-SC Wuppertal 1"]
[Site "NRW-Klasse, Gruppe 1 2015/201"]
[Date "2016.05.08"]
[Round "9.2"]
[White "Wessendorf, Thomas"]
[Black "Khanukov, Boris"]
[Result "1-0"]
[WhiteElo "2235"]
[BlackElo "2227"]
[PlyCount "267"]
[EventDate "2016.??.??"]
[WhiteTeam "SF Katernberg 2"]
[BlackTeam "Bahn-SC Wuppertal 1"]

1. e4 e5 2. Nf3 Nc6 3. Bb5 a6 4. Ba4 Nf6 5. O-O Be7 6. Re1 b5 7. Bb3 d6 8. c3
O-O 9. h3 Na5 10. Bc2 c5 11. d4 Qc7 12. d5 Kh8 13. Nbd2 g6 14. Nf1 Ng8 15. g4
Nb7 16. Ng3 a5 17. Qe2 Bd7 18. a4 Qb6 19. Nd2 Rfc8 20. axb5 Bxb5 21. Nc4 Qa6
22. Bd3 Bxc4 23. Bxc4 Qb6 24. Kg2 Qd8 25. Qf3 Kg7 26. h4 Bxh4 27. Rh1 h6 28.
Bb5 Bg5 29. Nf1 Bxc1 30. Rxc1 Qg5 31. Ne3 Rf8 32. Ra1 Nf6 33. Rh3 Qf4 34. Rah1
Qxf3+ 35. Kxf3 h5 36. gxh5 Nxh5 37. Bc6 Rab8 38. Nc4 Kf6 39. Ra1 Ke7 40. Ke3
Nd8 41. Rxa5 Nxc6 42. dxc6 Rfc8 43. Ra7+ Ke6 44. c7 Rb3 45. Rh1 Nf6 46. Rha1
Ne8 47. Ra8 Rxa8 48. Rxa8 Nxc7 49. Rd8 Ke7 50. Rxd6 Ne6 51. Ra6 Kf6 52. Kd3 Rb7
53. Kc2 Rb8 54. Ne3 Kg5 55. Nd5 Kg4 56. Ra7 Rf8 57. Nf6+ Kf4 58. Nh7 Rh8 59.
Rxf7+ Kxe4 60. Nf6+ Kf5 61. Nd7+ Ke4 62. f3+ Kd5 63. Nf6+ Kc6 64. Ng4 Kd6 65.
Kd3 Rb8 66. Ne3 Nf4+ 67. Ke4 Ke6 68. Rc7 Rxb2 69. Rxc5 Ne2 70. Rxe5+ Kf7 71. c4
Rb3 72. Nd5 Ng3+ 73. Kf4 Nf5 74. Re1 Nd4 75. Re7+ Kf8 76. Re3 Rb2 77. Ke5 Nf5
78. Ra3 Rc2 79. Ra8+ Kg7 80. Ra7+ Kh6 81. Rc7 Re2+ 82. Kf4 Nd4 83. Kg3 Nf5+ 84.
Kg4 Rh2 85. Kf4 Rd2 86. Nf6 Rd4+ 87. Ke5 Kg5 88. Ne4+ Kh6 89. c5 Rd3 90. Kf4
Nd4 91. Ng5 Ne2+ 92. Kg4 Rd4+ 93. Ne4 Rc4 94. Re7 Nc3 95. Re5 Nxe4 96. fxe4 Kg7
97. Kf4 Kf7 98. Rd5 Ke7 99. Ke5 g5 100. Kf5 Kf7 101. Re5 Rc1 102. Kxg5 Rg1+
103. Kf4 Kf6 104. Rh5 Rc1 105. Rh6+ Ke7 106. c6 Rc5 107. Ke3 Rc4 108. Kd3 Rc1
109. Kd4 Rc2 110. Kd5 Rc1 111. Rh7+ Kd8 112. Kd6 Rd1+ 113. Ke6 Kc8 114. e5 Rc1
115. c7 Rf1 116. Rf7 Rh1 117. Kf6 Rf1+ 118. Ke6 Rh1 119. Rg7 Rh6+ 120. Kf5 Rh1
121. e6 Rf1+ 122. Ke5 Re1+ 123. Kf6 Rf1+ 124. Ke7 Kxc7 125. Rg3 Rc1 126. Rd3
Rh1 127. Rc3+ Kb6 128. Kd7 Rd1+ 129. Ke8 Re1 130. e7 Re2 131. Rc4 Kb5 132. Rd4
Kc5 133. Rd7 Rh2 134. Kd8 1-0

[Event "SF Katernberg 2 - Bahn-SC Wuppertal 1"]
[Site "NRW-Klasse, Gruppe 1 2015/201"]
[Date "2016.05.08"]
[Round "9.3"]
[White "Savchenko, Aleksij"]
[Black "Bee, Marcus"]
[Result "1-0"]
[WhiteElo "2225"]
[BlackElo "2117"]
[PlyCount "71"]
[EventDate "2016.??.??"]
[WhiteTeam "Bahn-SC Wuppertal 1"]
[BlackTeam "SF Katernberg 2"]

1. e4 e6 2. d4 d5 3. e5 c5 4. dxc5 Nc6 5. Nf3 Bxc5 6. Bd3 Nge7 7. Bf4 Bd7 8. c3
Ng6 9. Bg3 O-O 10. O-O f5 11. exf6 Qxf6 12. Bxg6 Qxg6 13. b4 Be7 14. b5 Na5 15.
Ne5 Qe8 16. a4 Rc8 17. Re1 Nc4 18. Nd2 Nxe5 19. Bxe5 Bf6 20. Rc1 Qf7 21. Nf3
Bxe5 22. Rxe5 Qf4 23. Re3 a6 24. Rb1 axb5 25. axb5 Rf6 26. Qe2 Qd6 27. Nd4 e5
28. Rxe5 Rxc3 29. Rd1 Rc5 30. Ra1 Rc8 31. Rd1 Rc5 32. g3 h6 33. Kg2 Rc8 34. f4
Qc5 35. Re7 Bg4 36. Qxg4 1-0

[Event "SF Katernberg 2 - Bahn-SC Wuppertal 1"]
[Site "NRW-Klasse, Gruppe 1 2015/201"]
[Date "2016.05.08"]
[Round "9.4"]
[White "Gassmann, Volker"]
[Black "Bashilin, Roman"]
[Result "1-0"]
[WhiteElo "2117"]
[BlackElo "2208"]
[PlyCount "85"]
[EventDate "2016.??.??"]
[WhiteTeam "SF Katernberg 2"]
[BlackTeam "Bahn-SC Wuppertal 1"]

1. Nf3 d5 2. c4 c6 3. e3 Nf6 4. Nc3 g6 5. d4 Bg7 6. Qb3 O-O 7. Bd2 b6 8. cxd5
cxd5 9. Rc1 Bb7 10. Bb5 Qd6 11. Ne5 Rc8 12. O-O Nc6 13. Nxc6 Bxc6 14. Ba6 Rd8
15. Nb5 Bxb5 16. Qxb5 e5 17. Rc6 Qd7 18. dxe5 Ne4 19. Bc3 Nxc3 20. bxc3 Bxe5
21. Rd1 Qf5 22. f4 Bg7 23. Rc7 Rd6 24. Qd3 Qe6 25. e4 Rad8 26. e5 Rc6 27. Rxa7
Qg4 28. Rf1 Rc5 29. Bb5 Qc8 30. Rf3 f6 31. Ba6 Qe6 32. c4 fxe5 33. cxd5 Qd6 34.
f5 Rc1+ 35. Kf2 Qc5+ 36. Kg3 e4 37. Qxe4 Qd6+ 38. Kh3 gxf5 39. Qe6+ Qxe6 40.
dxe6 f4 41. Rxf4 Rc3+ 42. g3 Be5 43. Rh4 1-0

[Event "SF Katernberg 2 - Bahn-SC Wuppertal 1"]
[Site "NRW-Klasse, Gruppe 1 2015/201"]
[Date "2016.05.08"]
[Round "9.5"]
[White "Ries, Benjamin"]
[Black "Villwock, Martin"]
[Result "1-0"]
[WhiteElo "2184"]
[BlackElo "2058"]
[PlyCount "83"]
[EventDate "2016.??.??"]
[WhiteTeam "Bahn-SC Wuppertal 1"]
[BlackTeam "SF Katernberg 2"]

1. d4 Nf6 2. c4 c5 3. d5 e6 4. Nc3 exd5 5. cxd5 d6 6. e4 g6 7. h3 Bg7 8. Bg5 h6
9. Be3 O-O 10. Bd3 Re8 11. Nf3 Nbd7 12. O-O a6 13. a4 Rb8 14. Qd2 Kh7 15. Rfe1
b5 16. Bf4 b4 17. Nd1 c4 18. Bxd6 Rb6 19. e5 Rxd6 20. Bxc4 Nxe5 21. Nxe5 Be6
22. Qxb4 Nxd5 23. Bxd5 Bxd5 24. Ng4 Be6 25. Nc3 Rb6 26. Qf4 h5 27. Rad1 Qh4 28.
Nd5 Bxd5 29. Rxe8 Bb3 30. Rd3 hxg4 31. hxg4 Bh6 32. Qd4 Qf6 33. Qxf6 Rxf6 34.
Rxb3 Rf4 35. Rf3 Rxf3 36. gxf3 Bd2 37. Rd8 Bb4 38. Rb8 Bd2 39. Kf1 a5 40. Ke2
Bg5 41. Rb5 Bd8 42. Rd5 1-0

[Event "SF Katernberg 2 - Bahn-SC Wuppertal 1"]
[Site "NRW-Klasse, Gruppe 1 2015/201"]
[Date "2016.05.08"]
[Round "9.6"]
[White "Dahm, Bernd"]
[Black "Werbeck, Torsten"]
[Result "1-0"]
[WhiteElo "2158"]
[BlackElo "2047"]
[Annotator "Hausrath,Daniel"]
[PlyCount "77"]
[EventDate "2016.??.??"]
[WhiteTeam "SF Katernberg 2"]
[BlackTeam "Bahn-SC Wuppertal 1"]

1. c4 c5 2. g3 Nf6 3. Bg2 g6 4. Nc3 Bg7 5. a3 Nc6 6. Rb1 O-O 7. b4 d6 8. Nf3 b6
9. O-O Bf5 10. d3 Qd7 11. b5 Na5 12. Nh4 Rab8 13. Nxf5 Qxf5 14. Bd2 Qd7 15. Qc2
e6 16. e4 Ne8 17. Nd1 Bd4 18. Ne3 Ng7 19. h3 f5 20. f4 Rbd8 21. Kh2 Qe7 22.
Rbe1 Qc7 23. Qa4 Rb8 24. Nc2 Bf6 25. Na1 Rbe8 26. exf5 gxf5 27. Bxa5 bxa5 28.
Bc6 Rb8 29. Qc2 Bxa1 30. Rxa1 Rf6 $11 31. Qc3 Rbf8 32. Rae1 Qb6 33. Re2 Rg6 34.
Bf3 Rgf6 35. Rd1 R6f7 36. d4 Rc7 37. d5 exd5 38. Bxd5+ Kh8 39. Rde1 1-0

[Event "SF Katernberg 2 - Bahn-SC Wuppertal 1"]
[Site "NRW-Klasse, Gruppe 1 2015/201"]
[Date "2016.05.08"]
[Round "9.7"]
[White "Bogorad, Michail"]
[Black "Krueger, Erich"]
[Result "0-1"]
[WhiteElo "2049"]
[BlackElo "2094"]
[PlyCount "72"]
[EventDate "2016.??.??"]
[WhiteTeam "Bahn-SC Wuppertal 1"]
[BlackTeam "SF Katernberg 2"]

1. e4 c6 2. Nc3 d5 3. d3 g6 4. g3 Bg7 5. Bg2 Nf6 6. Nge2 d4 7. Nb1 e5 8. O-O
O-O 9. a4 c5 10. Na3 Nc6 11. Nc4 Ne8 12. f4 f6 13. b3 Nd6 14. Ba3 Nxc4 15. bxc4
b6 16. f5 Bh6 17. Bc1 Bxc1 18. Qxc1 g5 19. g4 Bd7 20. Rf3 Qe8 21. Rh3 Ne7 22.
c3 dxc3 23. Nxc3 Qf7 24. a5 Nc6 25. axb6 axb6 26. Bf3 Nd4 27. Bd1 Bc6 28. Rxa8
Rxa8 29. Qb2 Qa7 30. Re3 Qa1 31. Qd2 Ra3 32. Nb5 Bxb5 33. cxb5 Ra2 34. Qe1 Qb2
35. Qg3 Ra1 36. Re1 Rxd1 0-1

[Event "SF Katernberg 2 - Bahn-SC Wuppertal 1"]
[Site "NRW-Klasse, Gruppe 1 2015/201"]
[Date "2016.05.08"]
[Round "9.8"]
[White "Dette, Jan"]
[Black "El Mali, Naufel"]
[Result "0-1"]
[WhiteElo "1918"]
[BlackElo "2092"]
[PlyCount "100"]
[EventDate "2016.??.??"]
[WhiteTeam "SF Katernberg 2"]
[BlackTeam "Bahn-SC Wuppertal 1"]

1. e4 e6 2. d4 d5 3. Nd2 Be7 4. e5 Nh6 5. Bd3 c5 6. c3 Nc6 7. Ne2 Nf5 8. Nf3
cxd4 9. cxd4 Qb6 10. O-O O-O 11. a3 f6 12. g4 fxe5 13. Bxf5 exf5 14. dxe5 fxg4
15. Qxd5+ Kh8 16. Nd2 g3 17. hxg3 Bh3 18. Nc4 Qb3 19. Ne3 Qxd5 20. Nxd5 Bxf1
21. Kxf1 Bc5 22. Bf4 g5 23. Bxg5 Rxf2+ 24. Ke1 Rh2 25. Bf6+ Kg8 26. Rc1 Rh1+
27. Kd2 Rxc1 28. Kxc1 Kf7 29. Nef4 Nd4 30. g4 Rc8 31. Kb1 h6 32. g5 hxg5 33.
Bxg5 Ne6 34. Bf6 Nxf4 35. Nxf4 Be7 36. Bxe7 Kxe7 37. Nd3 Ke6 38. Nc1 Kxe5 39.
Na2 Rh8 40. Nc3 Rh2 41. Ka2 a6 42. a4 Kd4 43. Kb3 Rg2 44. Nd1 Rg6 45. Ka3 a5
46. Nc3 Rg3 47. Ka2 Rxc3 48. bxc3+ Kxc3 49. Ka3 Kc4 50. Ka2 Kb4 0-1

[Event "SK Werther 1 - SC Rochade Emsdetten 1"]
[Site "NRW-Klasse, Gruppe 1 2015/201"]
[Date "2016.05.08"]
[Round "9.1"]
[White "Kabatianski, Alexander"]
[Black "Haskenhoff, Jan"]
[Result "0-1"]
[WhiteElo "2356"]
[BlackElo "2080"]
[PlyCount "170"]
[EventDate "2016.??.??"]
[WhiteTeam "SC Rochade Emsdetten 1"]
[BlackTeam "SK Werther 1"]

1. d4 Nf6 2. c4 g6 3. g3 Bg7 4. Bg2 d5 5. Nf3 dxc4 6. Na3 O-O 7. Nxc4 Nc6 8. b3
Be6 9. Bb2 Bd5 10. Rc1 a5 11. a3 Qc8 12. O-O Rd8 13. e3 h6 14. Qc2 Be4 15. Qe2
Qe6 16. Rfd1 Bd5 17. Ne1 Bxg2 18. Nxg2 g5 19. Qc2 Qh3 20. f3 Qh5 21. Rf1 Nd5
22. Qf2 b5 23. Nd2 Qg6 24. Rc5 b4 25. a4 Nc3 26. Ne4 e5 27. Bxc3 bxc3 28. d5
Nb4 29. Rxc3 Nxd5 30. Rc4 Qb6 31. Rb1 f5 32. Nc5 Bf8 33. e4 Bxc5 34. Qxc5 fxe4
35. fxe4 Nb4 36. Ne3 Rd3 37. Nf5 h5 38. Qxb6 cxb6 39. Rc7 g4 40. Rf1 Rf3 41.
Nh6+ Kh8 42. Rxf3 gxf3 43. Kf2 Nd3+ 44. Kxf3 Nc5 45. Nf7+ Kg8 46. Nxe5 Nxb3 47.
Nd7 b5 48. axb5 Nd4+ 49. Ke3 Nxb5 50. Rc5 Nd6 51. Rd5 Nc8 52. Rd3 a4 53. Ra3
Nd6 54. Kd3 Nb5 55. Ra2 Rd8 56. Kc4 Nd6+ 57. Kd5 Rxd7 58. Ke6 Rd8 59. Ke7 Nf7
60. Rxa4 Rd2 61. Kf6 Rd6+ 62. Kf5 Kg7 63. e5 Rd5 64. Re4 Nd6+ 65. Ke6 Nxe4 66.
Kxd5 Ng5 67. e6 Kf6 68. e7 Kxe7 69. Ke5 Kf7 70. Kf5 Nh7 71. h3 Kg7 72. g4 h4
73. g5 Nf8 74. Kg4 Ng6 75. Kh5 Kf7 76. Kh6 Ne7 77. Kh5 Ng6 78. Kh6 Nf4 79. Kh7
Ne6 80. Kh6 Ng7 81. Kh7 Nf5 82. g6+ Kf6 83. g7 Nxg7 84. Kh6 Kf5 85. Kxg7 Kf4
0-1

[Event "SK Werther 1 - SC Rochade Emsdetten 1"]
[Site "NRW-Klasse, Gruppe 1 2015/201"]
[Date "2016.05.08"]
[Round "9.3"]
[White "Paalman, Henk-Jan"]
[Black "Goecke, Karl Ulrich"]
[Result "1/2-1/2"]
[WhiteElo "2132"]
[BlackElo "2065"]
[PlyCount "40"]
[EventDate "2016.??.??"]
[WhiteTeam "SC Rochade Emsdetten 1"]
[BlackTeam "SK Werther 1"]

1. e4 e6 2. d4 d5 3. Nd2 h6 4. Bd3 c5 5. c3 Nc6 6. Ngf3 Nf6 7. O-O dxe4 8. Nxe4
cxd4 9. cxd4 Be7 10. Re1 O-O 11. Bb1 Nd5 12. a3 f5 13. Nc3 Bf6 14. Ba2 Kh8 15.
Nxd5 exd5 16. Bf4 Qb6 17. Be5 Be6 18. Bxf6 Rxf6 19. Qd2 Rd8 20. Re2 Bf7 1/2-1/2

[Event "SK Werther 1 - SC Rochade Emsdetten 1"]
[Site "NRW-Klasse, Gruppe 1 2015/201"]
[Date "2016.05.08"]
[Round "9.4"]
[White "Ortpaul, Mario"]
[Black "Mueller, Achim"]
[Result "0-1"]
[WhiteElo "1934"]
[BlackElo "2025"]
[Annotator "Hausrath,Daniel"]
[PlyCount "102"]
[EventDate "2016.??.??"]
[WhiteTeam "SK Werther 1"]
[BlackTeam "SC Rochade Emsdetten 1"]

1. Nf3 d6 2. d4 f5 3. c4 Nf6 4. g3 g6 5. Bg2 Bg7 6. Nc3 O-O 7. O-O Nc6 8. b3 e5
9. dxe5 dxe5 10. Bb2 e4 11. Ng5 h6 12. Nh3 Be6 13. Nf4 Bf7 14. Qxd8 Rfxd8 15.
Rfd1 g5 16. Nh3 Ng4 17. Rxd8+ Rxd8 18. Rd1 Rxd1+ 19. Nxd1 Bxb2 20. Nxb2 $11 Nb4
21. a4 Ne5 22. f3 exf3 23. exf3 Nec6 24. f4 g4 25. Nf2 Na5 26. Nfd3 Nxd3 27.
Nxd3 Nxb3 28. Bxb7 Bxc4 29. Ne5 Be6 30. Nc6 Nc5 31. Nd4 Nxb7 32. Nxe6 c5 33.
Kf2 Kf7 34. Nc7 Na5 35. Na6 c4 36. Ke3 Nc6 37. Kd2 Ke6 38. Kc3 Kd5 39. Nc7+ Kd6
40. Ne8+ Kc5 41. Ng7 Nd4 42. a5 Nb5+ 43. Kc2 Nd6 44. Kc3 Kb5 45. Kd4 Kxa5 46.
Kd5 Kb4 47. Ne6 a5 48. Kxd6 a4 49. Kd5 a3 50. Nd4 a2 51. Ke5 Kc3 0-1

[Event "SK Werther 1 - SC Rochade Emsdetten 1"]
[Site "NRW-Klasse, Gruppe 1 2015/201"]
[Date "2016.05.08"]
[Round "9.5"]
[White "Hiller, Simon"]
[Black "Jakovljevic, Goran"]
[Result "1-0"]
[WhiteElo "2138"]
[BlackElo "1884"]
[PlyCount "127"]
[EventDate "2016.??.??"]
[WhiteTeam "SC Rochade Emsdetten 1"]
[BlackTeam "SK Werther 1"]

1. Nf3 d5 2. c4 c6 3. g3 Nf6 4. Bg2 Bf5 5. cxd5 cxd5 6. Qb3 Qb6 7. Qxb6 axb6 8.
Nc3 e6 9. d3 Bb4 10. O-O O-O 11. Bf4 Nc6 12. Nb5 Ra5 13. Nd6 Bxd6 14. Bxd6 Rc8
15. a3 h6 16. Rac1 Raa8 17. Rc3 Nd7 18. Rfc1 e5 19. e4 dxe4 20. Nh4 Bh7 21.
dxe4 Re8 22. Nf5 Bxf5 23. exf5 Nd4 24. Kf1 Nc5 25. Bxc5 bxc5 26. Bxb7 Rab8 27.
Be4 Rxb2 28. Rxc5 Nb3 29. Rc8 Kf8 30. Rxe8+ Kxe8 31. Bc6+ Ke7 32. Rd1 Nd4 33.
Bd5 Rb5 34. Be4 Kf6 35. Rd3 h5 36. h4 Nxf5 37. Rf3 g6 38. a4 Ra5 39. Bxf5 gxf5
40. Ra3 f4 41. gxf4 exf4 42. Ke2 Kf5 43. Kf3 f6 44. Ra2 Rc5 45. Ra3 Ra5 46. Ra2
Rc5 47. a5 Rc3+ 48. Kg2 Kg4 49. a6 Rc8 50. a7 Ra8 51. Ra4 Kxh4 52. Rxf4+ Kg5
53. Ra4 Kf5 54. Kg3 Kg5 55. Ra5+ Kh6 56. Kh4 Kg6 57. f4 Kh6 58. Rxh5+ Kg6 59.
Ra5 Kh6 60. Ra6 Kg6 61. Kg4 Kf7 62. Kf5 Ke7 63. Ra4 Kf7 64. Ra2 1-0

[Event "SK Werther 1 - SC Rochade Emsdetten 1"]
[Site "NRW-Klasse, Gruppe 1 2015/201"]
[Date "2016.05.08"]
[Round "9.6"]
[White "Hufendiek, Ekkehard"]
[Black "Topp, Michael"]
[Result "1-0"]
[WhiteElo "1864"]
[BlackElo "2025"]
[PlyCount "47"]
[EventDate "2016.??.??"]
[WhiteTeam "SK Werther 1"]
[BlackTeam "SC Rochade Emsdetten 1"]

1. e4 c5 2. Nf3 e6 3. d4 cxd4 4. c3 Nf6 5. e5 Nd5 6. Bc4 Nb6 7. Bb3 Nc6 8. O-O
Be7 9. cxd4 d6 10. exd6 Qxd6 11. Nc3 Nd5 12. Ne4 Qd8 13. Ne5 Nf6 14. Nxc6 bxc6
15. Qc2 Bd7 16. Bf4 O-O 17. Nc5 Nd5 18. Be5 Be8 19. Qd3 Bf6 20. Rfd1 Qe7 21.
Ne4 Rd8 22. Bc2 Nb4 23. Nxf6+ gxf6 24. Qxh7# 1-0

[Event "SK Werther 1 - SC Rochade Emsdetten 1"]
[Site "NRW-Klasse, Gruppe 1 2015/201"]
[Date "2016.05.08"]
[Round "9.7"]
[White "Lemli, Thomas"]
[Black "Neumann, Marius"]
[Result "1/2-1/2"]
[WhiteElo "1999"]
[BlackElo "1842"]
[PlyCount "35"]
[EventDate "2016.??.??"]
[WhiteTeam "SC Rochade Emsdetten 1"]
[BlackTeam "SK Werther 1"]

1. Nf3 Nf6 2. c4 g6 3. Nc3 Bg7 4. e4 d6 5. d4 O-O 6. Be2 Qe8 7. Be3 Ng4 8. Bg5
c6 9. h3 Nf6 10. e5 dxe5 11. dxe5 Nfd7 12. Bf4 Na6 13. O-O Nac5 14. Re1 f6 15.
exf6 Nxf6 16. Bf1 Bf5 17. Be5 Rd8 18. Qc1 1/2-1/2

[Event "SK Werther 1 - SC Rochade Emsdetten 1"]
[Site "NRW-Klasse, Gruppe 1 2015/201"]
[Date "2016.05.08"]
[Round "9.8"]
[White "Milsmann, Reinhard"]
[Black "Boehlich, Daniel"]
[Result "0-1"]
[WhiteElo "1678"]
[BlackElo "1939"]
[PlyCount "22"]
[EventDate "2016.??.??"]
[WhiteTeam "SK Werther 1"]
[BlackTeam "SC Rochade Emsdetten 1"]

1. Nf3 Nf6 2. c4 g6 3. Nc3 Bg7 4. g3 O-O 5. Bg2 d6 6. d4 c6 7. O-O Qa5 8. e4 e5
9. Be3 Ng4 10. Bg5 exd4 11. Nxd4 Qxg5 0-1

[Event "SV Erkenschwick 1 - Kölner SK Dr. Laske"]
[Site "NRW-Klasse, Gruppe 1 2015/201"]
[Date "2016.05.08"]
[Round "9.1"]
[White "Paris, Michael"]
[Black "Bitalzadeh, Ali"]
[Result "1/2-1/2"]
[WhiteElo "2184"]
[BlackElo "2362"]
[PlyCount "199"]
[EventDate "2016.??.??"]
[WhiteTeam "Kölner SK Dr. Lasker 1"]
[BlackTeam "SV Erkenschwick 1"]

1. e4 g6 2. d4 Bg7 3. Nc3 d6 4. Be3 a6 5. h4 h6 6. Qd2 b5 7. f3 Bb7 8. Nh3 e6
9. O-O-O Ne7 10. Kb1 Nd7 11. Ne2 Nb6 12. Nc1 Rb8 13. Nf2 Qd7 14. h5 g5 15. f4
g4 16. Nxg4 Bxe4 17. Bd3 Nc4 18. Qe2 Qc6 19. Bxe4 Qxe4 20. Bd2 Qxd4 21. c3 Qb6
22. Rh3 d5 23. Ne5 c5 24. Be1 Qc7 25. Ned3 Nd6 26. g4 c4 27. Nf2 Qc8 28. g5
Ndf5 29. Ng4 Kf8 30. Qd2 a5 31. Ne2 b4 32. Qc1 Qc5 33. Ne5 Bxe5 34. fxe5 bxc3
35. Rxc3 Nc6 36. g6 fxg6 37. Nf4 Kf7 38. hxg6+ Ke7 39. Qc2 Nb4 40. Qe2 Qb5 41.
Rd2 Rhg8 42. Bf2 Rbc8 43. Qg4 Nd3 44. Nxd3 cxd3 45. Bh4+ Kd7 46. Rdxd3 Rxc3 47.
Rxc3 Qf1+ 48. Rc1 Qd3+ 49. Ka1 Qe4 50. Qg1 d4 51. Qd1 Rc8 52. Qa4+ Rc6 53. Bf6
d3 54. Qb5 Kc7 55. Rxc6+ Qxc6 56. Qxd3 Qh1+ 57. Qb1 Qg2 58. Qc1+ Kb7 59. Bd8
Qc6 60. Qxc6+ Kxc6 61. Bxa5 h5 62. Bd8 Kd7 63. Bf6 Ke8 64. a4 h4 65. Bg5 h3 66.
Bf4 Ne7 67. g7 Kf7 68. a5 Nd5 69. Bh2 Nb4 70. b3 Kxg7 71. Kb2 Kg6 72. Kc3 Nd5+
73. Kd4 Kf5 74. a6 Nc7 75. b4 Nxa6 76. b5 Nb8 77. b6 Kg4 78. Ke3 Nc6 79. b7 Nb8
80. Kf2 Nc6 81. Kf1 Kf3 82. Kg1 Nb8 83. Kh1 Ke4 84. Bg3 Kd5 85. Kh2 Kc6 86.
Kxh3 Kxb7 87. Kg4 Kc6 88. Kg5 Kd5 89. Kf4 Nc6 90. Kf3 Nd4+ 91. Kf2 Ke4 92. Bh4
Kxe5 93. Bd8 Ke4 94. Bc7 Nb5 95. Bb8 Nd4 96. Bc7 Nf5 97. Bb8 Kd5 98. Kf3 Nd4+
99. Ke3 e5 100. Bxe5 1/2-1/2